Calidad académica en educación superior: modelos de verificación
Shranjeno v:
| Glavni avtor: | |
|---|---|
| Format: | Knjiga |
| Jezik: | španščina |
| Izdano: |
Santiago
CINDA
1992
|
| Serija: | Colección Gestión Universitaria. Serie Manuales de Apoyo a la Docencia Universitaria, 2
|
| Teme: | |
| Oznake: |
Označite
Brez oznak, prvi označite!
|
MARC
| LEADER | 00000cam a2200000 a 4500 | ||
|---|---|---|---|
| 001 | UCM8907 | ||
| 003 | CL-VaPUC | ||
| 008 | 030404e19920000CL |||||||||||||||||spa|d | ||
| 020 | |a 9567106096 | ||
| 082 | 0 | 4 | |a 378.12 |b RAM |2 21 |
| 100 | 0 | |a Ramírez Gatica, Soledad |e author |9 475205 | |
| 245 | 1 | 0 | |a Calidad académica en educación superior: modelos de verificación |
| 300 | |a 67 p | ||
| 942 | |c BK | ||
| 945 | |d 20030404 00:00:00 |a cmena | ||
| 260 | |a Santiago |b CINDA |c 1992 | ||
| 650 | 0 | |a Educación superior |9 223851 | |
| 650 | 7 | |a DOCENTES UNIVERSITARIOS |2 CL-VaPUC |9 460075 | |
| 650 | 0 | |a Calidad docente |9 474780 | |
| 650 | 0 | |a Universidades |9 256317 | |
| 583 | |a last modification |c 20120312 10:48:12 |k Rodrigo Vera | ||
| 490 | 0 | |a Colección Gestión Universitaria. Serie Manuales de Apoyo a la Docencia Universitaria, 2 | |
| 999 | |c 303323 |d 303321 | ||
| 952 | |0 0 |1 0 |4 0 |6 378_120000000000000_RAM_1992 |7 0 |8 A |9 364534 |a BIBEDU |b BIBEDU |d 2019-11-21 |i 3890457 |o 378.12 RAM 1992 |p 3890457 |r 2019-11-21 |w 2019-11-21 |y BK |k BME | ||
| 952 | |0 0 |1 0 |4 0 |6 378_120000000000000_RAM_1992 |7 0 |8 ED_SUP |9 364535 |a BIBGIM |b BIBGIM |c S_PSTGRDO |d 2019-11-21 |i 4835506 |o 378.12 RAM 1992 |p 4835506 |r 2025-01-15 |w 2019-11-21 |y BK |k ESU | ||